000 00506nam a22001697a 4500
003 CEME
005 20210628205802.0
008 210316b xxu||||| |||| 00| 0 eng d
040 _c.
082 _a297.63 WAL
100 _aWali Razi Muhammad Wali Razi
_977026
245 _aHaadi alam peace be upon him
260 _aKARACHI
_bDARA-UL-ILUM
_c1987
300 _a416P
650 _aISLAM-BIOGRAPHY-HAADI ALAM PEACE BE UPON HIM.ISLAM-BIOGRAPHY-PROPHET MUHAMMAD PEACE BE UPON HIM
_977027
942 _cBK
_2ddc
999 _c582345
_d582345